书目信息 |
| 题名: |
柴荣是个好皇帝
|
|
| 作者: | 姜狼 作品 | |
| 分册: | ||
| 出版信息: | 北京 现代出版社 2016 |
|
| 页数: | 298页 | |
| 开本: | 23cm | |
| 丛书名: | ||
| 单 册: | ||
| 中图分类: | K827=431 | |
| 科图分类: | ||
| 主题词: | 帝王--di wang--生平事迹--中国--五代 | |
| 电子资源: | ||
| ISBN: | 978-7-5143-4895-8 | |
| 000 | 01041nam0 22002651 450 | |
| 001 | 0122100925 | |
| 005 | 20170322100925.0 | |
| 010 | @a978-7-5143-4895-8@dCNY42.00 | |
| 100 | @a20160808d2016 em y0chiy50 ea | |
| 101 | 0 | @achi |
| 102 | @aCN@b110000 | |
| 105 | @ay z 000yd | |
| 106 | @ar | |
| 200 | 1 | @a柴荣是个好皇帝@9chai rong shi ge hao huang di@e被湮没的后周和五代十国往事@f姜狼作品 |
| 210 | @a北京@c现代出版社@d2016 | |
| 215 | @a298页@d23cm | |
| 314 | @a姜狼, 男, 自由职业者, 酷爱历史文学。 | |
| 330 | @a本书讲述了安史之乱后, 天下分崩, 藩镇割据, 五代十国, 逐鹿杀伐, 血流成河。周世宗柴荣的横空出世, 彻底终结了这段让华夏民族不堪回首的黑暗史, 柴荣用尽他最后一丝力气, 照亮了原本黑暗的历史…… | |
| 517 | 1 | @a被湮没的后周和五代十国往事@9bei yan mei de hou zhou he wu dai shi guo wang shi |
| 600 | 0 | @a柴荣,@Achai rong ,@f921-959@x生平事迹 |
| 606 | 0 | @a帝王@9di wang@x生平事迹@y中国@z五代 |
| 690 | @aK827=431@v5 | |
| 701 | 0 | @a姜狼@9jiang lang@4作品 |
| 801 | 0 | @aCN@bTANGWEI@c20170308 |
| 905 | @b0960854-7@dK827=431@e605@f4 | |
| 柴荣是个好皇帝:被湮没的后周和五代十国往事/姜狼作品.-北京:现代出版社,2016 |
| 298页;23cm |
| ISBN 978-7-5143-4895-8:CNY42.00 |
| 本书讲述了安史之乱后, 天下分崩, 藩镇割据, 五代十国, 逐鹿杀伐, 血流成河。周世宗柴荣的横空出世, 彻底终结了这段让华夏民族不堪回首的黑暗史, 柴荣用尽他最后一丝力气, 照亮了原本黑暗的历史…… |
| ● |
| 相关链接 |
|
|
|
|
正题名:柴荣是个好皇帝
索取号:K827=431/605
 
预约/预借
| 序号 | 登录号 | 条形码 | 馆藏地/架位号 | 状态 | 备注 |
| 1 | 0960854 | 209608548 | 第二样本阅览室/ [索取号:K827=431/605] | 在馆 | |
| 2 | 0960855 | 209608557 | 第二借阅区/ [索取号:K827=431/605] | 在馆 | |
| 3 | 0960856 | 209608566 | 第二借阅区/ [索取号:K827=431/605] | 在馆 | |
| 4 | 0960857 | 209608575 | 第二借阅区/ [索取号:K827=431/605] | 在馆 |